Vplyv bohatstva na kvalitu života obyvateľov vo vybraných krajinách bakalárska práca

Guardado en:
Detalles Bibliográficos
Autor principal: Ottová, Frederika
Autor Corporativo: Národohospodárska fakulta EU. Katedra financií
Otros Autores: Krcho, Daniel, 1995-
Formato: Libro
Lenguaje:eslovaco
Publicado: Bratislava 2023
Etiquetas: Agregar Etiqueta
Sin Etiquetas, Sea el primero en etiquetar este registro!

MARC

LEADER 00000nbm a2200000 4500
001 0294608
005 20231106140034.5
041 0 |a slo 
044 |a SK 
245 1 0 |a Vplyv bohatstva na kvalitu života obyvateľov vo vybraných krajinách  |b bakalárska práca  |c Frederika Ottová ; školiteľ: Daniel Krcho 
264 1 |a Bratislava  |c 2023 
300 |a 58 s. 
100 1 |a Ottová, Frederika 
700 1 |a Krcho, Daniel, 1995- 
710 2 |a Národohospodárska fakulta EU. Katedra financií